书目信息 |
| 题名: |
教育品牌与学校特色
|
|
| 作者: | 腾飞 , 腾飞 主编 | |
| 分册: | ||
| 出版信息: | 长春 东北师范大学出版社 2010 |
|
| 页数: | 247页 | |
| 开本: | 20cm | |
| 丛书名: | ||
| 单 册: | ||
| 中图分类: | G4 | |
| 科图分类: | ||
| 主题词: | 学校教育--研究 , 学校教育 | |
| 电子资源: | ||
| ISBN: | 978-7-5602-6621-3 | |
| 000 | 00891nam0 2200265 45 | |
| 001 | 1133540359 | |
| 005 | 20110414093822.90 | |
| 010 | @a978-7-5602-6621-3@dCNY28.00 | |
| 100 | @a20110406d2010 ekmy0chiy0120 ea | |
| 101 | 0 | @achi |
| 102 | @aCN@b220000 | |
| 105 | @ay z 000yy | |
| 106 | @ar | |
| 200 | 1 | @a教育品牌与学校特色@AJiao Yu Pin Pai Yu Xue Xiao Te Se@f腾飞,马艳君主编@FTeng Fei, Ma Yan Jun Zhu Bian |
| 210 | @a长春@c东北师范大学出版社@d2010 | |
| 215 | @a247页@d20cm | |
| 300 | @a国家教育行政学院校长书屋书系 | |
| 330 | @a在本书中,围绕学校特色和品牌教育的主题为您展现一流校园的独特之处 ,希望能对当代学校起到帮助和改善,共同创造更优秀的学校,更完美的教育。 | |
| 606 | 0 | @a学校教育@x研究 |
| 606 | 0 | @a学校教育 |
| 690 | @aG4@v4 | |
| 701 | 0 | @a腾飞@ATeng Fei@4主编 |
| 701 | 0 | @a腾飞@ATeng Fei@4主编 |
| 801 | 0 | @aCN@bTANGWEI@c20110414 |
| 905 | @b0534367-71@dG4@e51@f5 | |
| 教育品牌与学校特色/腾飞,马艳君主编.-长春:东北师范大学出版社,2010 |
| 247页;20cm |
| 国家教育行政学院校长书屋书系 |
| ISBN 978-7-5602-6621-3:CNY28.00 |
| 在本书中,围绕学校特色和品牌教育的主题为您展现一流校园的独特之处 ,希望能对当代学校起到帮助和改善,共同创造更优秀的学校,更完美的教育。 |
| ● |
| 相关链接 |
|
|
|
|
正题名:教育品牌与学校特色
索取号:G4/51
 
预约/预借
| 序号 | 登录号 | 条形码 | 馆藏地/架位号 | 状态 | 备注 |
| 1 | 0534367 | 205343671 | 第一样本阅览室/ [索取号:G4/51] | 在馆 | |
| 2 | 0534368 | 205343680 | 教育系资料室/ [索取号:G4/51] | 在馆 | |
| 3 | 0534369 | 205343699 | 第四借阅区/ [索取号:G4/51] | 在馆 | |
| 4 | 0534370 | 205343706 | 第四借阅区/ [索取号:G4/51] | 在馆 | |
| 5 | 0534371 | 205343715 | 第四借阅区/ [索取号:G4/51] | 在馆 |